|
|
|
|
| LEADER |
00000nab a2200000 a 4500 |
| 001 |
vtls000168502 |
| 003 |
SK-MaSNL |
| 005 |
20260303220621.0 |
| 008 |
111104c1983 xo 0 slo |
| 015 |
|
|
|a SNBRB19rr/mm-uuuuu
|
| 035 |
|
|
|a CL0178613
|
| 040 |
|
|
|a SNKBUCL
|b slo
|c SNKBUCL
|e AACR2
|
| 041 |
0 |
|
|a slo
|
| 044 |
|
|
|a xo
|c SK
|
| 080 |
|
|
|a 786.6
|2 1981
|
| 100 |
1 |
|
|a Polakovičová, Viera,
|d 1953-
|4 aut
|9 5534
|
| 245 |
1 |
0 |
|a Príležitosť pre organistov
|b Skončilo sa významné umelecké zápolenie mladých
|c Viera Polakovičová
|
| 650 |
0 |
7 |
|a hudobné súťaže
|2 snkbucl
|9 2909
|
| 650 |
0 |
7 |
|a Interpretačná súťaž SSR 1983, Piešťany
|2 snkbucl
|9 925794
|
| 650 |
0 |
7 |
|a hudba pre organ
|2 snkbucl
|9 3374
|
| 651 |
|
7 |
|a 5211
|2 snkbucl
|9 283191
|
| 655 |
|
7 |
|a články z novín a časopisov
|2 snkbucl
|9 267496
|
| 773 |
0 |
|
|t Pravda
|g Roč. 64, č. 273 (18. 11. 1983), s. 5
|
| 850 |
|
|
|a Slovenská národná knižnica v Martine
|a MTA001
|
| 852 |
|
|
|a SNK
|b KIS3GCP
|
| 958 |
|
|
|a RK
|
| 992 |
|
|
|a RBX
|
| 999 |
|
|
|c 2228014
|d 2229944
|